Statistics for Bundesliga 2011-2012 Top scorers

Click here to take the quiz!

General Stats

  • This quiz has been taken 16 times
  • The average score is 8 of 11

Answer Stats

GoalsNationalityClubPlayer% Correct
29NetherlandsSchalke 04Klaas-Jan Huntelaar
100%
26GermanyBayern MunichMario Gómez
100%
22PolandBorussia DortmundRobert Lewandowski
100%
15SpainSchalke 04Raúl
87%
18PeruWerder BremenClaudio Pizarro
80%
13JapanBorussia DortmundShinji Kagawa
73%
16GermanyBayer LeverkusenStefan Kießling
67%
18GermanyKölnLukas Podolski
60%
13Bosnia and Herzegovina1899 Hoffenheim / VfB StuttgartVedad Ibišević
47%
18GermanyBorussia MönchengladbachMarco Reus
40%
17AustriaVfB StuttgartMartin Harnik
13%

Score Distribution

Percentile by Number Answered

Percent of People with Each Score

Your Score History

You have not taken this quiz